Normal view
MARC view
Entry Personal Name
001 - CONTROL NUMBER
- control field: 27180
003 - CONTROL NUMBER IDENTIFIER
- control field: ARRUPE
005 - DATE AND TIME OF LATEST TRANSACTION
- control field: 20161102092633.0
008 - FIXED-LENGTH DATA ELEMENTS
- fixed length control field: 161102|| aca||aabn | a|a d
040 ## - CATALOGING SOURCE
- Original cataloging agency: ARRUPE
- Transcribing agency: ARRUPE
100 ## - HEADING--PERSONAL NAME
- Personal name: Till, Barry.
670 ## - SOURCE DATA FOUND
- Source citation: Work cat.: (ARRUPE)0: Till, Barry., The churches search for unity., [1972]